Gaming Quiz

Random Gaming or Board Games Quiz

(Settlers of) Catan Quiz Stats

 Plays Quiz Updated Oct 14, 2019

Score 0/16 Timer 04:00
0 Plays Today
Component % Correct
Timber
95.8%
Ore
93.2%
Wheat
90.2%
Sheep
89.5%
Brick
86.9%
Roads
86.7%
Cities
82.5%
Knight
79.8%
Component % Correct
Settlements
76.1%
Longest Road
71.5%
Development Cards
69.3%
Largest Army
67.3%
Monopoly
56%
Victory Point
55.3%
Year of Plenty
44%
Road Building
43.8%

You're not logged in!

Compare scores with friends on all Sporcle quizzes.
OR
Log In

Sporcle TV

Today on Sporcle TV


Watch our educational content, quiz creation guides, and fun videos on Sporcle TV.

Show Comments

Extras

Top Quizzes Today


Score Distribution

Your Account Isn't Verified!

In order to create a playlist on Sporcle, you need to verify the email address you used during registration. Go to your Sporcle Settings to finish the process.

Report this User

Report this user for behavior that violates our Community Guidelines.

Details: